000 00248 a2200097 4500
001 59345
100 _a
245 _aElectronics fundamentals; circuits, devices and applications
260 _aLondon
_bMerrill pub
_c
090 _c36372
_d36372
942 _aNUST-CAE
_cMONOGRAPH
_c29305
999 _c294418
_d294418